| 000 | 00680nam a22002297a 4500 | ||
|---|---|---|---|
| 005 | 20170124110243.0 | ||
| 010 | _a628446 | ||
| 020 |
_c00.00 _a0139369066 |
||
| 035 | _a628446 | ||
| 037 | _bCen Lib/Ret | ||
| 040 |
_aDPL _bEN |
||
| 082 |
_a614.3 _bHAR |
||
| 100 |
_aHarmer, Ruth Mulvey _996402 |
||
| 245 |
_aUnfit for human consumption / _cby Ruth Mulvey Harmer |
||
| 246 | _b | ||
| 260 |
_aLondon _bPrentice-Hall _c1971 |
||
| 300 |
_aviii,374p. _c21cm(Hb) |
||
| 500 | _aIncludes bibliographic references and index | ||
| 650 |
_aPesticides--Environmental aspects _996403 |
||
| 650 |
_aPesticides--Toxicology _996404 |
||
| 942 |
_2ddc _cEN _h614.3 _mHAR |
||
| 999 |
_c135353 _d135353 |
||